Night Changes Lyrics - Statistics

General Stats
  • This quiz has been taken 416 times
  • The average score is 13 of 15
Answer Stats
Hint Answer % Correct
Her _____ doesn't like that kind of dress mother
97%
Just how fast the _____ changes night
94%
Does it ever _____ you crazy drive
93%
And I've been thinking about it _____ lately
91%
We're only getting _____, baby older
91%
Going out tonight, changes into something _____ red
91%
Even ____ the night changes when
90%
It will never _____ me and you change
89%
But there's _____ to be afraid of nothing
89%
Everything that you've ever _____ of dreamed
88%
Having no _____ is all that she really wants regrets
82%
She's heading for something that she won't _____ forget
81%
Everything she _____ had she's showing off never
75%
Driving too fast, _____ is breaking through her hair moon
72%
_____ when you wake up disappearing
69%
No matching quizzes found
Score Distribution
Percent of People with Each Score
Percentile by Number Answered
Your Score History
You have not taken this quiz